000 01191nac a22003497a 4500
001 BR8502773
003 BR-BrBNA
005 20240105120327.0
008 230509b bl.|||m| |||| 00| 0 por d
040 _aBR-BrBNA
_bpor
_cBiblioteca Nacional de Agricultura
072 _aL01
090 _a5213 BR8502773
100 1 _aCorrea, A.S.
100 1 _aArruda, Z.J. de
100 1 _aCorrea, E.S.
100 1 _aKessler, R.H.
100 1 _aFigueiredo, G.R. de
100 1 _aRuiz, M.E.
100 1 _aCarvalho, E.G. de
110 1 _aCentro Nacional de Pesquisa de Gado de Corte, Campo Grande, MS (Brasil)
_91771
245 1 _aO sistema de producao de gado de corte, implantacao no Centro Nacional de Pesquisa de Gado de Corte [Mato Grosso do Sul, Brasil]
260 3 _aCampo Grande, MS (Brasil):
_c1985.
300 _a31 p.
490 _aDocumentos - Centro Nacional de Pesquisa de Gado de Corte (Brazil)
_vno. 32
_xISSN 0100-9443
500 _a15 tables; 10 ref.
650 _aGADO DE CORTE
650 _aSISTEMA DE PRODUCAO
650 _aINSTITUICAO DE PESQUISA
650 _aMATO GROSSO DO SUL
909 _a202312
_bLúcia Elande
_c55
_dLúcia Elande
942 _2AGRIS
_n0
_cMS
999 _c278894
_d278894